| Tag |
First Indicator |
Second Indicator |
Subfields |
| LEADER |
00000cam a2200000 a 4500 |
| 001 |
in00000084062 |
| 005 |
20151008055642.0 |
| 007 |
he bm----b--- |
| 008 |
810624r19811804kyuaf b 00010 eng d |
| 035 |
|
|
|a (OCoLC)07525045
|
| 035 |
|
|
|9 AAJ4025AM
|
| 040 |
|
|
|a MIA
|c MIA
|d TXA
|d UtOrBLW
|
| 049 |
|
|
|a TXAI
|
| 099 |
|
|
|a fiche
|a C
|a 3905
|
| 100 |
1 |
|
|a Pinkerton, John,
|d 1758-1826.
|
| 245 |
1 |
0 |
|a Modern geography :
|b a description of the empires, kingdoms, states, and colonies with the oceans, seas, and isles in all parts of the world, including the most recent discoveries, and political alterations, digested on a new plan /
|c by John Pinkerton. The astronomical introduction by the Rev. S. Vince. The article America, corrected and considerably enlarged, by Dr. Barton. With numerous maps, drawn under the direction and with the latest improvements, of Arrowsmith, and engraved by the first American artists.
|
| 264 |
|
1 |
|a Philadelphia :
|b J. Conrad,
|c 1804.
|
| 300 |
|
|
|a 2 volumes :
|b illustrations ;
|c 24 cm. +
|e 1 atlas ([65] leaves of plates : maps ; 28 cm.)
|
| 336 |
|
|
|a text
|b txt
|2 rdacontent
|
| 337 |
|
|
|a microform
|b h
|2 rdamedia
|
| 338 |
|
|
|a microfiche
|b he
|2 rdacarrier
|
| 500 |
|
|
|a Imperfect: maps 6 and 33 wanting.
|
| 500 |
|
|
|a "Sabin : 62959."
|
| 500 |
|
|
|a "Copied from the original in the Library of Congress."
|
| 533 |
|
|
|a Microfiche.
|b Louisville, [Ky.] :
|c Lost Cause Press,
|d 1979.
|e 19 microfiches : negative ; 11 x 15 cm.
|f ([Bibliotheca Americana. Selected Americana. Microfiche ed. / J. Sabin]) (Fiche book)
|
| 500 |
|
|
|a Microform.
|
| 650 |
|
0 |
|a Geography.
|
| 700 |
1 |
|
|a Vince, Samuel,
|d 1749-1821.
|
| 700 |
1 |
|
|a Barton, Benjamin Smith,
|d 1766-1815.
|
| 999 |
|
|
|a MARS
|
| 999 |
f |
f |
|s 0aae4159-87e5-37c6-812f-3ee8c979f628
|i 3373711d-99e3-35dc-9060-03c0af35bba6
|t 0
|
| 952 |
f |
f |
|p normal
|a Texas A&M University
|b College Station
|c Sterling C. Evans Library
|d Evans: Microforms (3rd floor)
|t 0
|e fiche C 3905
|h Other scheme
|i microform -- microfiche
|k v.1
|m A14821398009
|
| 952 |
f |
f |
|p normal
|a Texas A&M University
|b College Station
|c Sterling C. Evans Library
|d Evans: Microforms (3rd floor)
|t 0
|e fiche C 3905
|h Other scheme
|i microform -- microfiche
|k v.2
|m A14821397744
|
| 998 |
f |
f |
|a fiche C 3905
|s v.1-v.2
|t 0
|l Evans: Microforms (3rd floor)
|